[Event "Rapid Match"]
[Site "Vera ESP"]
[Date "2004.07.09"]
[Round "1"]
[White "Vallejo Pons,F"]
[Black "Korchnoi,V"]
[Result "1/2-1/2"]
[WhiteElo "2679"]
[BlackElo "2568"]
[EventDate "2004.07.09"]

1. e4 e5 2. Nf3 Nc6 3. Nc3 Nf6 4. Bb5 Bb4 5. O-O O-O 6. d3 d6 7. Bg5 Ne7 8.
Nh4 Bxc3 9. bxc3 Ng6 10. Nxg6 fxg6 11. Bc4+ Kh8 12. f4 Qe8 13. Qd2 Be6 14.
Bb3 a5 15. fxe5 dxe5 16. Bxe6 Qxe6 17. c4 b6 18. Rf3 Nd7 19. Raf1 Rxf3 20.
Rxf3 Kg8 21. Be3 Qd6 22. Qe1 Nf8 23. Qb1 Ne6 24. Qb5 c5 25. Kf2 h6 26. Qb2
Re8 27. g3 Qc7 28. Kg2 g5 29. Rf5 Nd8 30. Bd2 Nf7 31. Bc3 Re6 32. Qa1 Qe7
33. g4 Rf6 34. Qf1 Re6 35. Qa1 Rf6 36. Qb1 Re6 37. Qb2 Kh7 38. h3 Kg8 39.
Kf1 Kh7 40. Ke1 Kg8 41. Kd2 g6 42. Rf1 Rf6 43. Qa1 Rf4 44. Ke2 h5 45. Bd2
hxg4 46. hxg4 Rxg4 47. Rf2 Rg3 48. Qf1 Qe6 49. Be3 Qg4+ 50. Kd2 Rg1 51. Qe2
Nh6 52. Rh2 Nf7 53. Bxg1 Qxg1 54. Rg2 Qa1 55. Qf3 Qh1 56. Qf2 Qh3 57. Rg3
Qe6 58. Rf3 Kg7 59. Qh2 g4 60. Rf1 Ng5 61. Kc3 Nf3 62. Qg3 Qd7 63. Rxf3
Qd4+ 64. Kd2 gxf3 65. Qxf3 Qd6 66. Qg4 Qf6 1/2-1/2

[Event "Rapid Match"]
[Site "Vera ESP"]
[Date "2004.07.09"]
[Round "2"]
[White "Korchnoi,V"]
[Black "Vallejo Pons,F"]
[Result "1/2-1/2"]
[WhiteElo "2568"]
[BlackElo "2679"]
[EventDate "2004.07.09"]

1. d4 d5 2. c4 c6 3. Nc3 Nf6 4. e3 e6 5. b3 Nbd7 6. Bb2 Bd6 7. Nf3 O-O 8.
Bd3 e5 9. cxd5 cxd5 10. dxe5 Nxe5 11. Be2 Be6 12. O-O a6 13. Nxe5 Bxe5 14.
Na4 Bxb2 15. Nxb2 Rc8 16. Qd4 Qa5 17. f3 Qa3 18. Bd3 Rc6 19. Nd1 Rfc8 20.
Nf2 Nd7 21. g4 Rb6 22. e4 Qc5 23. Qxc5 Nxc5 24. exd5 Bxd5 25. Bf5 Re8 26.
Rfe1 Rxe1+ 27. Rxe1 g6 28. Re5 Rd6 29. Be4 Bxe4 30. Re8+ Kg7 31. Nxe4 Rd1+
32. Kf2 Nxe4+ 33. Rxe4 Rd2+ 34. Re2 Rd1 35. g5 h6 36. h4 b5 37. Rc2 Rd5 38.
gxh6+ Kxh6 39. Kg3 b4 40. Rc4 a5 41. a3 bxa3 42. Ra4 Rb5 43. Rxa3 Kg7 44.
Kf2 Kf6 45. Ke2 Ke6 46. Ra4 Kd5 47. Kd2 Kd6 48. Kc2 Rf5 49. f4 Rh5 50. b4
axb4 51. Rxb4 Rxh4 52. Kd3 Ke7 53. Ke3 Kf6 54. Rb6+ Kf5 55. Rb5+ Kg4 56.
Rg5+ Kh3 57. Kf3 Kh2 58. Rg2+ Kh1 59. Rd2 Rh3+ 60. Kg4 Re3 61. Kg5 Re7 62.
Kf6 Re4 1/2-1/2

[Event "Rapid Match"]
[Site "Vera ESP"]
[Date "2004.07.10"]
[Round "3"]
[White "Vallejo Pons,F"]
[Black "Korchnoi,V"]
[Result "1-0"]
[WhiteElo "2679"]
[BlackElo "2568"]
[EventDate "2004.07.09"]

1. e4 e5 2. Nf3 Nc6 3. d4 exd4 4. Nxd4 Nf6 5. Nxc6 bxc6 6. e5 Ne4 7. Nd2
Nxd2 8. Bxd2 d5 9. Bd3 Qh4 10. O-O Bc5 11. c4 O-O 12. Rc1 Bd4 13. Bc3 Bxc3
14. Rxc3 Be6 15. f4 Rad8 16. c5 Rb8 17. Qd2 f6 18. f5 Qd4+ 19. Rf2 fxe5 20.
fxe6 e4 21. Ba6 Qe5 22. Rb3 Rbe8 23. Qc3 Qxe6 24. Rxf8+ Rxf8 25. Qd4 Qf5
26. Rg3 Rf6 27. h3 h6 28. b4 Qf4 29. Rc3 Qg5 30. Be2 Kh7 31. a4 Qh4 32. Rc1
Rg6 33. Qf2 Qxh3 34. Bf1 Rg5 35. b5 Qa3 36. Rd1 Qxa4 37. Qd4 Qc2 38. bxc6
Rf5 39. Ra1 a5 40. Bb5 Qb3 41. Be2 a4 42. Rxa4 Qb1+ 43. Qd1 Qb2 44. Ra1 Qc3
45. Bg4 Qxc5+ 46. Kh1 Rg5 47. Rc1 Qe3 48. Bh3 d4 49. Qf1 h5 50. Re1 Qd2 51.
Bf5+ Kh6 52. Rxe4 d3 53. Re6+ g6 54. Bxd3 Qb4 55. Qf6 1-0

[Event "Rapid Match"]
[Site "Vera ESP"]
[Date "2004.07.11"]
[Round "6"]
[White "Korchnoi,V"]
[Black "Vallejo Pons,F"]
[Result "1/2-1/2"]
[WhiteElo "2568"]
[BlackElo "2679"]
[EventDate "2004.07.09"]

1. Nf3 d5 2. b3 Bg4 3. e3 Nd7 4. h3 Bxf3 5. Qxf3 c6 6. Bb2 Ngf6 7. g4 e5 8.
Nc3 g6 9. h4 Bd6 10. h5 Qe7 11. O-O-O O-O-O 12. Kb1 Nc5 13. hxg6 hxg6 14.
Bg2 Ne6 15. Rde1 Rde8 16. Qd1 Qd8 17. f3 Nd7 18. Ne2 Rxh1 19. Rxh1 Rh8 20.
Qf1 Rh4 21. Qe1 Rh8 22. Nc1 Nec5 23. Rxh8 Qxh8 24. Qg3 Kc7 25. Qh3 Qxh3 26.
Bxh3 b5 27. Ne2 a5 28. d4 Ne6 29. dxe5 Bxe5 30. Bc1 Bd6 31. Bd2 Bb4 32. c3
Bc5 33. c4 dxc4 34. Bxa5+ Nb6 35. e4 cxb3 36. axb3 Be3 37. Kc2 Nf4 38. Nxf4
Bxf4 39. Bf1 g5 40. Kc3 f6 1/2-1/2